| 000 -LEADER |
| fixed length control field |
01055cam a22002774a 4500 |
| 003 - CONTROL NUMBER IDENTIFIER |
| control field |
OSt |
| 005 - DATE AND TIME OF LATEST TRANSACTION |
| control field |
20201008160627.0 |
| 008 - FIXED-LENGTH DATA ELEMENTS--GENERAL INFORMATION |
| fixed length control field |
060309s2006 sz ab 001 0ceng |
| 010 ## - LIBRARY OF CONGRESS CONTROL NUMBER |
| LC control number |
2006042802 |
| 020 ## - INTERNATIONAL STANDARD BOOK NUMBER |
| International Standard Book Number |
3764375582 (pbk.) |
| 020 ## - INTERNATIONAL STANDARD BOOK NUMBER |
| International Standard Book Number |
9783764375584 (pbk.) |
| 082 00 - DEWEY DECIMAL CLASSIFICATION NUMBER |
| Classification number |
711/.4 |
| Edition number |
22 |
| 100 1# - MAIN ENTRY--PERSONAL NAME |
| Personal name |
Krier, Rob. |
| 245 10 - TITLE STATEMENT |
| Title |
Town spaces : |
| Remainder of title |
contemporary interpretations in traditional urbanism : Krier-Kohl-Architects / |
| Statement of responsibility, etc |
Rob Krier ; introduction by Michael Graves ; essays by Hans Ibelings, Philipp Meuser, Harald Bodenschatz ; [translation, Fiona Greenwood Fincannon]. |
| 250 ## - EDITION STATEMENT |
| Edition statement |
2nd rev. ed. |
| 260 ## - PUBLICATION, DISTRIBUTION, ETC. (IMPRINT) |
| Place of publication, distribution, etc |
Basel ; |
| -- |
Boston : |
| Name of publisher, distributor, etc |
Birkhä̈user, |
| Date of publication, distribution, etc |
c2006. |
| 300 ## - PHYSICAL DESCRIPTION |
| Extent |
288 p. : |
| Other physical details |
ill. (some col.), maps (some col.) ; |
| Dimensions |
29 cm. |
| 500 ## - GENERAL NOTE |
| General note |
Includes indexes. |
| 610 20 - SUBJECT ADDED ENTRY--CORPORATE NAME |
| Corporate name or jurisdiction name as entry element |
Rob Krier-Christoph Kohl Architects. |
| 650 #0 - SUBJECT ADDED ENTRY--TOPICAL TERM |
| Topical term or geographic name as entry element |
City planning |
| General subdivision |
History |
| Chronological subdivision |
20th century. |
| 650 #0 - SUBJECT ADDED ENTRY--TOPICAL TERM |
| Topical term or geographic name as entry element |
Space (Architecture) |
| General subdivision |
History |
| Chronological subdivision |
20th century. |
| 700 1# - ADDED ENTRY--PERSONAL NAME |
| Personal name |
Ibelings, Hans. |
| 700 1# - ADDED ENTRY--PERSONAL NAME |
| Personal name |
Meuser, Philipp, |
| Dates associated with a name |
1969- |
| 700 1# - ADDED ENTRY--PERSONAL NAME |
| Personal name |
Bodenschatz, Harald. |
| 942 ## - ADDED ENTRY ELEMENTS (KOHA) |
| Source of classification or shelving scheme |
|